000
00264nam a2200109Ia 4500
008
230822s1999 xx 000 0 und d
041
_a
eng
100
_a
BUDHANANDA S
245
_a
CAN ONE BE SCIENTIFIC AND YET SPIRITUAL ?
260
_b
NULL
_c
1999
300
_a
536
999
_c
861637
_d
861637